[Event "La Habana Isla"]
[Site "La Habana"]
[Date "2022.11.04"]
[Round "4"]
[White "Bobadilla Viera, Jorge Samuel"]
[Black "Vargas Rodriguez, Wilver"]
[Result "1-0"]
[WhiteElo "2312"]
[BlackElo "2334"]
[PlyCount "69"]
[EventDate "2022.11.01"]
[EventType "tourn"]
[EventRounds "9"]
[EventCountry "CUB"]
[EventCategory "4"]
[SourceTitle "EXT 2024"]
[Source "ChessBase"]
[SourceDate "2023.10.10"]
[SourceVersion "1"]
[SourceVersionDate "2023.10.10"]
[SourceQuality "1"]

1. e4 e6 2. d4 d5 3. Nd2 c5 4. Ngf3 cxd4 5. exd5 Qxd5 6. Bc4 Qd6 7. 0-0 Nf6 8. Nb3 Nc6 9. Nbxd4 Nxd4 10. Nxd4 Bd7 11. b3 a6 12. Bb2 Be7 13. Qf3 Qc7 14. Rfe1 0-0 15. Nf5 Bd8 16. Nxg7 Bc6 17. Qh3 Kxg7 18. Qg4+ Kh8 19. Qh4 Rg8 20. Bxf6+ Bxf6 21. Qxf6+ Rg7 22. Re3 Qd8 23. Qc3 Kg8 24. Rg3 Rg6 25. Re1 Qd6 26. Bd3 Rxg3 27. hxg3 Rd8 28. Qf6 Qd5 29. Re4 h5 30. Kh2 Rd6 31. f3 Qc5 32. Re5 Rd5 33. Qh6 Be8 34. Bh7+ Kh8 35. Be4+ 1-0

[Event "Bucaramanga IM"]
[Site "Bucaramanga"]
[Date "2022.09.03"]
[Round "7"]
[White "Campos Gomez, Manuel"]
[Black "Bobadilla Viera, Jorge Samuel"]
[Result "1-0"]
[WhiteElo "2352"]
[BlackElo "2287"]
[PlyCount "55"]
[EventDate "2022.08.31"]
[EventType "tourn"]
[EventRounds "9"]
[EventCountry "COL"]
[SourceTitle "CBM 210 Extra"]
[Source "ChessBase"]
[SourceDate "2022.11.30"]
[SourceVersion "1"]
[SourceVersionDate "2022.11.30"]
[SourceQuality "1"]

1. d4 Nf6 2. c4 e6 3. g3 d5 4. Nf3 Bb4+ 5. Bd2 Bd6 6. Bg2 0-0 7. 0-0 c6 8. Nc3 Nbd7 9. e4 Nxe4 10. Nxe4 dxe4 11. Ng5 Be7 12. Nxe4 f5 13. Nc3 e5 14. d5 e4 15. Be3 Bc5 16. Bxc5 Nxc5 17. Qd4 Ne6 18. Qe3 f4 19. gxf4 Nxf4 20. Bxe4 Qh4 21. Kh1 cxd5 22. Nxd5 Nh3 23. f4 Bd7 24. Qg3 Qh6 25. Bg2 Rae8 26. Rf3 Re6 27. f5 Ng5 28. fxe6 1-0